<?xml version="1.0" encoding="UTF-8"?>
<record
    xmlns:xsi="http://www.w3.org/2001/XMLSchema-instance"
    xsi:schemaLocation="http://www.loc.gov/MARC21/slim http://www.loc.gov/standards/marcxml/schema/MARC21slim.xsd"
    xmlns="http://www.loc.gov/MARC21/slim">

  <leader>00903cam a2200241 a 4500</leader>
  <controlfield tag="001">1910518</controlfield>
  <controlfield tag="005">20220326193326.0</controlfield>
  <controlfield tag="008">841207s1983    sp a     b   f000 0 cat  </controlfield>
  <datafield tag="010" ind1=" " ind2=" ">
    <subfield code="a">   84248479 </subfield>
  </datafield>
  <datafield tag="020" ind1=" " ind2=" ">
    <subfield code="a">8450089220</subfield>
  </datafield>
  <datafield tag="040" ind1=" " ind2=" ">
    <subfield code="a">DLC</subfield>
    <subfield code="c">DLC</subfield>
    <subfield code="d">DLC</subfield>
  </datafield>
  <datafield tag="082" ind1=" " ind2=" ">
    <subfield code="a">759.946</subfield>
    <subfield code="b">D 143c</subfield>
  </datafield>
  <datafield tag="100" ind1="1" ind2=" ">
    <subfield code="a">Dali, Salvador</subfield>
    <subfield code="d">1904-1989.</subfield>
    <subfield code="9">2842</subfield>
  </datafield>
  <datafield tag="245" ind1="1" ind2="0">
    <subfield code="a">400 obres de 1914 a 1983 /</subfield>
    <subfield code="b">Salvador Dali</subfield>
    <subfield code="c">Dali Salvador, Saavedra Santiago</subfield>
  </datafield>
  <datafield tag="260" ind1=" " ind2=" ">
    <subfield code="a">[Madrid] :</subfield>
    <subfield code="b">Generalitat de Catalunya :</subfield>
    <subfield code="b">Ministerio de Cultura, Obra Cultural de la Caixa de Pensions,</subfield>
    <subfield code="c">[1983?]</subfield>
  </datafield>
  <datafield tag="300" ind1=" " ind2=" ">
    <subfield code="a">272 p.</subfield>
    <subfield code="b">ill. (some col.) ;</subfield>
    <subfield code="c">23x32 cm.</subfield>
  </datafield>
  <datafield tag="504" ind1=" " ind2=" ">
    <subfield code="a">Bibliography: v. 2, p. 204-271.</subfield>
  </datafield>
  <datafield tag="600" ind1="1" ind2="0">
    <subfield code="a">Dali, Salvador,</subfield>
    <subfield code="d">1904-1989.</subfield>
    <subfield code="9">2843</subfield>
  </datafield>
  <datafield tag="650" ind1=" " ind2=" ">
    <subfield code="x">Biografia</subfield>
    <subfield code="x">Pintura </subfield>
    <subfield code="z">Espa&#xF1;a</subfield>
    <subfield code="9">2844</subfield>
  </datafield>
  <datafield tag="700" ind1=" " ind2=" ">
    <subfield code="a">Salvador Dali, Santiago Saavedra </subfield>
    <subfield code="9">2845</subfield>
  </datafield>
  <datafield tag="740" ind1="0" ind2=" ">
    <subfield code="a">Quatrecents obres de 1914-1983.</subfield>
  </datafield>
  <datafield tag="906" ind1=" " ind2=" ">
    <subfield code="a">7</subfield>
    <subfield code="b">cbc</subfield>
    <subfield code="c">orignew</subfield>
    <subfield code="d">3</subfield>
    <subfield code="e">ncip</subfield>
    <subfield code="f">19</subfield>
    <subfield code="g">y-gencatlg</subfield>
  </datafield>
  <datafield tag="999" ind1=" " ind2=" ">
    <subfield code="c">634</subfield>
    <subfield code="d">634</subfield>
  </datafield>
  <datafield tag="952" ind1=" " ind2=" ">
    <subfield code="0">0</subfield>
    <subfield code="1">0</subfield>
    <subfield code="2">ddc</subfield>
    <subfield code="4">0</subfield>
    <subfield code="7">0</subfield>
    <subfield code="a">LV</subfield>
    <subfield code="b">LV</subfield>
    <subfield code="c">Monograf&#xED;as</subfield>
    <subfield code="d">2015-05-29</subfield>
    <subfield code="l">0</subfield>
    <subfield code="o">759.946 D 143c</subfield>
    <subfield code="p">000703</subfield>
    <subfield code="r">2015-05-29 00:00:00</subfield>
    <subfield code="w">2015-05-29</subfield>
    <subfield code="y">01</subfield>
  </datafield>
</record>
